00390nam a2200193Ia 4500003000900000008004100009040001300050040001300063041000800076100001600084245002700100250000900127260001000136260000900146300001100155300001000166490001400176490000600190IT-RoPAU120407s9999 xx 000 0 und d aIT-RoPAU cIT-RoPAU aita aMax Scheler aL’eterno nell’uomo aRoma aLogos c1991 a426 p. c23 cm aIncidenza v1